Pjesme
Saved in:
| Main Author: | |
|---|---|
| Format: | Book |
| Language: | Croatian |
| Published: |
Zagreb,
Zora,
1950.
|
| Series: | Mala biblioteka ;
48. |
| Tags: |
Add Tag
No Tags, Be the first to tag this record!
|
| LEADER | 00557nam a2200193K 4500 | ||
|---|---|---|---|
| 001 | 006830489-7 | ||
| 005 | 20020606163548.3 | ||
| 008 | 920422s1950 yu ach 000 0 hrv d | ||
| 035 | 0 | |a ocm25694478 | |
| 040 | |a CUY |c CUY |d HLS | ||
| 090 | |a PG1618.V53 |b A17 1950 | ||
| 100 | 1 | |a Vidrić, Vladimir, |d 1875-1909. | |
| 245 | 0 | 0 | |a Pjesme |c [Priredio Dragutin Tadijanović; ilus. Fedor Vaić] |
| 260 | |a Zagreb, |b Zora, |c 1950. | ||
| 300 | |a 85 p. |b illus., port., facsim. | ||
| 490 | 1 | |a Mala biblioteka ; |v 48 | |
| 830 | 0 | |a Mala biblioteka ; |v 48. | |
| 988 | |a 20020608 | ||
| 906 | |0 OCLC | ||


